|
|
|
|
| LEADER |
01098nam a2200373 a 4500 |
| 001 |
000544417 |
| 003 |
CZ BrMZK |
| 005 |
20080129123618.0 |
| 007 |
ta |
| 008 |
000115s2000 xr e f cze d |
| 015 |
|
|
|a cnb000886993
|
| 020 |
|
|
|a 80-7299-008-X
|
| 035 |
|
|
|a (OCoLC)46962680
|
| 040 |
|
|
|a BOA001
|b cze
|
| 072 |
|
7 |
|a 133
|x Ezoterismus. Okultismus
|2 Konspekt
|9 17
|
| 080 |
|
|
|a 613.86
|2 MRF
|
| 080 |
|
|
|a 221-852.5
|2 MRF
|
| 080 |
|
|
|a 133.3
|2 MRF
|
| 080 |
|
|
|a 14(510)
|2 MRF
|
| 080 |
|
|
|a 365
|2 MRF
|
| 080 |
|
|
|a (035)
|2 MRF
|
| 100 |
1 |
|
|a Webster, Richard,
|d 1946-
|7 jn20001227480
|
| 245 |
1 |
0 |
|a Feng shui pro váš domov :
|b 101 tipů pro váš dům a byt /
|c Richard Webster
|
| 250 |
|
|
|a Vyd. 1.
|
| 260 |
|
|
|a Praha :
|b Aurora,
|c 2000
|
| 300 |
|
|
|a 158 s. :
|b il. ;
|c 21 cm
|
| 650 |
0 |
7 |
|a feng šuej
|7 ph114530
|2 czenas
|
| 650 |
0 |
7 |
|a geomantie
|7 ph120535
|2 czenas
|
| 650 |
0 |
7 |
|a čínská filozofie
|7 ph128202
|2 czenas
|
| 650 |
0 |
7 |
|a bydlení
|7 ph114212
|2 czenas
|
| 655 |
|
7 |
|a příručky
|7 fd133209
|2 czenas
|
| 765 |
0 |
|
|t 101 feng shui tips for the home
|
| 910 |
|
|
|a BOA001
|b 2-1080.412
|
| 990 |
|
|
|a BK
|